<?xml version="1.0" encoding="UTF-8"?>
<record
    xmlns:xsi="http://www.w3.org/2001/XMLSchema-instance"
    xsi:schemaLocation="http://www.loc.gov/MARC21/slim http://www.loc.gov/standards/marcxml/schema/MARC21slim.xsd"
    xmlns="http://www.loc.gov/MARC21/slim">

  <leader>00715nam a22001337a 4500</leader>
  <datafield tag="040" ind1=" " ind2=" ">
    <subfield code="c">RUA</subfield>
  </datafield>
  <datafield tag="082" ind1=" " ind2=" ">
    <subfield code="a">VEM VON 2014 B534 Or.1</subfield>
  </datafield>
  <datafield tag="100" ind1=" " ind2=" ">
    <subfield code="a">VONG SOVANNARATH; &#x179C;&#x1784;&#x17D2;&#x179F; &#x179F;&#x17BB;&#x179C;&#x178E;&#x17D2;&#x178E;&#x17B6;&#x179A;&#x17C9;&#x17B6;&#x178F;&#x17CB;</subfield>
  </datafield>
  <datafield tag="245" ind1=" " ind2=" ">
    <subfield code="a">Survay on canine pa vonus in clinic phal heng at takmoa town, kandal province, &#x1780;&#x17B6;&#x179A;&#x17A2;&#x1784;&#x17D2;&#x1780;&#x17C1;&#x178F;&#x179B;&#x17BE;&#x1787;&#x17C6;&#x1784;&#x17BA;&#x179A;&#x17B6;&#x1780;&#x1788;&#x17B6;&#x1798;&#x179B;&#x17BE;&#x179F;&#x17BB;&#x1793;&#x1781; &#x1793;&#x17C5;&#x1782;&#x17D2;&#x179B;&#x17B8;&#x1793;&#x17B7;&#x1780; &#x1796;&#x17D2;&#x1799;&#x17B6;&#x1794;&#x17B6;&#x179B;&#x179F;&#x178F;&#x17D2;&#x179C; &#x1795;&#x179B; &#x17A0;&#x17C1;&#x1784; &#x1780;&#x17D2;&#x179A;&#x17BB;&#x1784;&#x178F;&#x17B6;&#x1781;&#x17D2;&#x1798;&#x17C5; &#x1781;&#x17C1;&#x178F;&#x17D2;&#x178F;&#x1780;&#x178E;&#x17D2;&#x178A;&#x17B6;&#x179B;</subfield>
  </datafield>
  <datafield tag="260" ind1=" " ind2=" ">
    <subfield code="a">Phnom Penh</subfield>
    <subfield code="b">VON</subfield>
    <subfield code="c">2014</subfield>
  </datafield>
  <datafield tag="300" ind1=" " ind2=" ">
    <subfield code="a">x,32p.</subfield>
    <subfield code="b">ill.</subfield>
    <subfield code="c">29cm.</subfield>
  </datafield>
  <datafield tag="856" ind1=" " ind2=" ">
    <subfield code="u">https://drive.google.com/file/d/1lR16OrTCXScZOrStPXSF9KtZgG3hWrqU/view?usp=sharing</subfield>
  </datafield>
  <datafield tag="942" ind1=" " ind2=" ">
    <subfield code="c">VEM</subfield>
  </datafield>
  <datafield tag="999" ind1=" " ind2=" ">
    <subfield code="c">10865</subfield>
    <subfield code="d">10865</subfield>
  </datafield>
  <datafield tag="952" ind1=" " ind2=" ">
    <subfield code="0">0</subfield>
    <subfield code="1">0</subfield>
    <subfield code="2">ddc</subfield>
    <subfield code="4">0</subfield>
    <subfield code="6">VEM_VON_2014_000000000000000_B534_OR_1</subfield>
    <subfield code="7">0</subfield>
    <subfield code="9">57041</subfield>
    <subfield code="a">LBB</subfield>
    <subfield code="b">LBB</subfield>
    <subfield code="c">B534</subfield>
    <subfield code="d">2016-11-23</subfield>
    <subfield code="o">VEM VON 2014 B534 Or.1</subfield>
    <subfield code="p">A04071</subfield>
    <subfield code="r">2016-11-23</subfield>
    <subfield code="w">2016-11-23</subfield>
    <subfield code="y">VEM</subfield>
  </datafield>
  <datafield tag="952" ind1=" " ind2=" ">
    <subfield code="0">0</subfield>
    <subfield code="1">0</subfield>
    <subfield code="2">ddc</subfield>
    <subfield code="4">0</subfield>
    <subfield code="6">VEM_VON_2014_000000000000000_B534_OR_2</subfield>
    <subfield code="7">0</subfield>
    <subfield code="9">57042</subfield>
    <subfield code="a">LBB</subfield>
    <subfield code="b">LBB</subfield>
    <subfield code="c">B534</subfield>
    <subfield code="d">2016-11-23</subfield>
    <subfield code="o">VEM VON 2014 B534 Or.2</subfield>
    <subfield code="p">A04395</subfield>
    <subfield code="r">2016-11-23</subfield>
    <subfield code="w">2016-11-23</subfield>
    <subfield code="y">VEM</subfield>
  </datafield>
  <datafield tag="952" ind1=" " ind2=" ">
    <subfield code="0">0</subfield>
    <subfield code="1">0</subfield>
    <subfield code="2">ddc</subfield>
    <subfield code="4">0</subfield>
    <subfield code="6">VEM_VON_2014_000000000000000_B534_OR_3</subfield>
    <subfield code="7">0</subfield>
    <subfield code="9">57043</subfield>
    <subfield code="a">LBB</subfield>
    <subfield code="b">LBB</subfield>
    <subfield code="c">B534</subfield>
    <subfield code="d">2016-11-23</subfield>
    <subfield code="o">VEM VON 2014 B534 Or.3</subfield>
    <subfield code="p">A04450</subfield>
    <subfield code="r">2016-11-23</subfield>
    <subfield code="w">2016-11-23</subfield>
    <subfield code="y">VEM</subfield>
  </datafield>
  <datafield tag="952" ind1=" " ind2=" ">
    <subfield code="0">0</subfield>
    <subfield code="1">0</subfield>
    <subfield code="2">ddc</subfield>
    <subfield code="4">0</subfield>
    <subfield code="6">VEM_VON_2014_000000000000000_B534_OR_4</subfield>
    <subfield code="7">0</subfield>
    <subfield code="9">57044</subfield>
    <subfield code="a">LBB</subfield>
    <subfield code="b">LBB</subfield>
    <subfield code="c">B534</subfield>
    <subfield code="d">2016-11-23</subfield>
    <subfield code="o">VEM VON 2014 B534 Or.4</subfield>
    <subfield code="p">A03234</subfield>
    <subfield code="r">2016-11-23</subfield>
    <subfield code="w">2016-11-23</subfield>
    <subfield code="y">VEM</subfield>
  </datafield>
  <datafield tag="952" ind1=" " ind2=" ">
    <subfield code="0">0</subfield>
    <subfield code="1">0</subfield>
    <subfield code="2">ddc</subfield>
    <subfield code="4">0</subfield>
    <subfield code="6">VEM_VON_2014_000000000000000_B534_OR_5</subfield>
    <subfield code="7">0</subfield>
    <subfield code="9">57045</subfield>
    <subfield code="a">LBB</subfield>
    <subfield code="b">LBB</subfield>
    <subfield code="c">B534</subfield>
    <subfield code="d">2016-11-23</subfield>
    <subfield code="l">2</subfield>
    <subfield code="o">VEM VON 2014 B534 Or.5</subfield>
    <subfield code="p">A04377</subfield>
    <subfield code="r">2021-02-02</subfield>
    <subfield code="s">2021-02-01</subfield>
    <subfield code="w">2016-11-23</subfield>
    <subfield code="y">VEM</subfield>
  </datafield>
  <datafield tag="952" ind1=" " ind2=" ">
    <subfield code="0">0</subfield>
    <subfield code="1">0</subfield>
    <subfield code="2">ddc</subfield>
    <subfield code="4">0</subfield>
    <subfield code="6">VEM_VON_2014_000000000000000_B534_OR_6</subfield>
    <subfield code="7">0</subfield>
    <subfield code="9">57046</subfield>
    <subfield code="a">LBB</subfield>
    <subfield code="b">LBB</subfield>
    <subfield code="c">B534</subfield>
    <subfield code="d">2016-11-23</subfield>
    <subfield code="o">VEM VON 2014 B534 Or.6</subfield>
    <subfield code="p">A04302</subfield>
    <subfield code="r">2016-11-23</subfield>
    <subfield code="w">2016-11-23</subfield>
    <subfield code="y">VEM</subfield>
  </datafield>
  <datafield tag="952" ind1=" " ind2=" ">
    <subfield code="0">0</subfield>
    <subfield code="1">0</subfield>
    <subfield code="2">ddc</subfield>
    <subfield code="4">0</subfield>
    <subfield code="6">VEM_VON_2014_000000000000000_B534_OR_7</subfield>
    <subfield code="7">0</subfield>
    <subfield code="9">57047</subfield>
    <subfield code="a">LBB</subfield>
    <subfield code="b">LBB</subfield>
    <subfield code="c">B534</subfield>
    <subfield code="d">2016-11-23</subfield>
    <subfield code="l">2</subfield>
    <subfield code="o">VEM VON 2014 B534 Or.7</subfield>
    <subfield code="p">A03392</subfield>
    <subfield code="r">2021-02-02</subfield>
    <subfield code="s">2021-02-01</subfield>
    <subfield code="w">2016-11-23</subfield>
    <subfield code="y">VEM</subfield>
  </datafield>
  <datafield tag="952" ind1=" " ind2=" ">
    <subfield code="0">0</subfield>
    <subfield code="1">0</subfield>
    <subfield code="2">ddc</subfield>
    <subfield code="4">0</subfield>
    <subfield code="6">VEM_VON_2014_000000000000000_B534_OR_8</subfield>
    <subfield code="7">0</subfield>
    <subfield code="9">57048</subfield>
    <subfield code="a">LBB</subfield>
    <subfield code="b">LBB</subfield>
    <subfield code="c">B534</subfield>
    <subfield code="d">2016-11-23</subfield>
    <subfield code="l">1</subfield>
    <subfield code="o">VEM VON 2014 B534 Or.8</subfield>
    <subfield code="p">A04286</subfield>
    <subfield code="r">2022-02-11</subfield>
    <subfield code="s">2022-01-26</subfield>
    <subfield code="w">2016-11-23</subfield>
    <subfield code="y">VEM</subfield>
  </datafield>
</record>
